=LDR 00000nam 2200000 4500 =001 NUTBA000000000000780 =005 20140401162332.0 =006 =007 =008 =020 ##$$a 978-979-29-2471-8 =035 ##$$0010-041400000000050 =040 ##$$b Ind =082 ##$$a 920 =090 ##$$a 920$bSis k =100 ##$$a Siswadi =245 ##$$a Kisah nyata sukses anak jalanan pertama yang menjadi presiden direktur$cSiswadi =260 ##$$a Yogyakarta$bAndi$c2011. =300 ##$$a 162 hlm.$bilus$c21 cm. =650 ##$$a Biografi$xSiswadi =850 ##$$a NBPNMAT =990 ##$$a 21303927 =990 ##$$a 92366/BPAP-NTB/2014 =990 ##$$a 0001/BPAP-NTB/2016 =990 ##$$a 21602308/BPAP-NTB/2017 =990 ##$$a 1327613276 =990 ##$$a 01201713276 =990 ##$$a 92366/BPAP-NTB/2014 =990 ##$$a 0001/BPAP-NTB/2016 =990 ##$$a 21602308/BPAP-NTB/2017